[Event "Poti Aleksandria Cup 5th"]
[Site "Poti"]
[Date "2010.07.13"]
[Round "3"]
[White "Tsomaia, Sergo"]
[Black "Tsirekidze, Giorgi"]
[Result "1-0"]
[WhiteElo "1989"]
[BlackElo "1836"]
[PlyCount "67"]
[EventDate "2010.07.11"]
[EventType "swiss"]
[EventRounds "9"]
[EventCountry "GEO"]
[SourceTitle "CBM 137 Extra"]
[Source "ChessBase"]
[SourceDate "2010.09.01"]
[SourceVersion "1"]
[SourceVersionDate "2010.09.01"]
[SourceQuality "1"]

1. e4 c5 2. d4 cxd4 3. c3 dxc3 4. Nxc3 Nc6 5. Nf3 e6 6. Bc4 Qc7 7. 0-0 Nf6 8. Qe2 Ng4 9. g3 d6 10. Bf4 a6 11. Rac1 Nge5 12. Bb3 Be7 13. Rfd1 0-0 14. Bxe5 dxe5 15. Nd5 Qa5 16. Rxc6 exd5 17. Rxd5 b5 18. Nxe5 Be6 19. Rxe6 fxe6 20. Rd7 Bc5 21. Bxe6+ Kh8 22. Nf7+ Rxf7 23. Bxf7 Qb6 24. Qd2 Qf6 25. e5 Qc6 26. e6 Qf3 27. e7 Bxe7 28. Rxe7 Rf8 29. Bd5 Qf6 30. Qe2 Qg6 31. h4 h6 32. Kg2 b4 33. Qe5 a5 34. Be4 1-0

[Event "EU-ch U16 19th"]
[Site "Fermo"]
[Date "2009.09.07"]
[Round "7"]
[White "Tsirekidze, Giorgi"]
[Black "Topak, Engin"]
[Result "0-1"]
[WhiteElo "1864"]
[BlackElo "2005"]
[PlyCount "58"]
[EventDate "2009.08.31"]
[EventType "swiss"]
[EventRounds "9"]
[EventCountry "ITA"]
[SourceTitle "CBM 132 Extra"]
[Source "ChessBase"]
[SourceDate "2009.11.03"]
[SourceVersion "1"]
[SourceVersionDate "2009.11.03"]
[SourceQuality "1"]

1. d4 Nf6 2. c4 g6 3. g3 Bg7 4. Bg2 0-0 5. Nc3 d6 6. e4 c5 7. Nge2 Nc6 8. 0-0 cxd4 9. Nxd4 Bd7 10. Nce2 Rc8 11. b3 a6 12. Qd3 Ng4 13. Bb2 b5 14. cxb5 axb5 15. Nxc6 Bxc6 16. Bxg7 Kxg7 17. Nd4 Ne5 18. Qe3 Bd7 19. f4 Ng4 20. Qd3 b4 21. h3 Rc3 22. Qd2 Nf6 23. Ne2 Qb6+ 24. Kh2 Qe3 25. Qb2 Rd3 26. Rfd1 Rxd1 27. Rxd1 Kg8 28. e5 Ne4 29. Qd4 Qxe2 0-1